Minecraft Mob Drops - Statistics

General Stats
  • This quiz has been taken 494 times
  • The average score is 44 of 69
Answer Stats
Mob Drop % Correct
Bogged Cod (BE)Pufferfish (BE) Salmon (BE) Skeleton Skeleton Horse Stray Tropical Fish (BE) Wither Skeleton Bone
96%
Blaze Blaze Rod
90%
CreeperGhast Witch Gunpowder
89%
DrownedHusk
Zoglin
Zombie Zombie Horse Zombie Villager Zombified Piglin
Rotten Flesh
89%
Drowned (formerly) Husk Iron GolemZombie Iron Ingot
87%
Bogged SkeletonStray Arrow
86%
Rabbit Raw Rabbit
85%
CodDolphin Elder Guardian Guardian Polar Bear Raw Cod
82%
Slime Slimeball
82%
Sheep Wool
82%
Zombified Piglin Gold Ingot
81%
CowDonkey Hoglin Horse Llama
Mooshroom
Mule
Leather
81%
CowMooshroom Raw Beef
81%
Chicken Raw Chicken
81%
Elder Guardian Guardian SalmonPolar Bear Raw Salmon
81%
Enderman Ender Pearl
80%
Squid Ink Sac
79%
Cave SpiderSpider Witch Spider Eye
79%
CatCave Spider
Spider
Strider
String
79%
Panda Bamboo
78%
Chicken
Parrot
Feather
76%
Ghast Ghast Tear
76%
Pufferfish Pufferfish
76%
Shulker Shulker Shell
75%
Snow Golem Snowball
75%
Iron Golem Poppy
74%
Skeleton Skeleton Skull
73%
Goat (formerly) Sheep Raw Mutton
71%
Hoglin Pig Raw Porkchop
71%
Rabbit Rabbit's Foot
69%
Witch Redstone Dust
69%
Magma Cube Magma Cream
68%
Evoker Totem of Undying
68%
Elder Guardian Tropical Fish Tropical Fish
68%
Evoker
Vindicator
Emerald
67%
Glow Squid Glow Ink Sac
66%
Wither Nether Star
66%
Stray (BE) (formerly) Wither Skeleton Wither Skeleton Skull
66%
Phantom Phantom Membrane
65%
Wither Skeleton Coal
62%
HuskZombie Zombie Villager Carrot
61%
Witch Glass Bottle
61%
Witch Glowstone Dust
59%
Elder Guardian Wet Sponge
59%
Breeze Breeze Rod
58%
Stray Arrow of Slowness
57%
Zombified Piglin Gold Nugget
57%
HuskZombie Zombie Villager Potato
57%
Elder GuardianGuardian Prismarine Shard
57%
Rabbit Rabbit Hide
57%
Ravager Saddle
57%
Witch Stick
50%
Drowned Copper Ingot
49%
Bogged Arrow of Poison
48%
Creeper Creeper Head
47%
Turtle Seagrass
46%
Cod (JE)Pufferfish (JE) Salmon (JE) Tropical Fish (JE) Bone Meal
42%
Creeper Music Disc
41%
Warden Sculk Catalyst
39%
Zombie Zombie Head
39%
Piglin Piglin Head
36%
Witch Sugar
34%
EvokerIllusioner
Pillager Vindicator
Illager Banner
32%
Elder GuardianGuardian Prismarine Crystals
32%
Breeze (formerly) Wind Charge
31%
Turtle Bowl
27%
Magma Cube Froglight
22%
Elder Guardian Tide Armor Trim
18%
Sniffer (formerly) Moss Block
15%
No matching quizzes found
Score Distribution
Percent of People with Each Score
Percentile by Number Answered
Your Score History
You have not taken this quiz